Giữ vững Thèn-Chu /

Uloženo v:
Podrobná bibliografie
Hlavní autor: Lương Sĩ Cẩn.
Další autoři: (dịch.)
Médium: Sách giấy
Jazyk:Vietnamese
Vydáno: H. : Quân đội nhân dân, 1962
Tagy: Přidat tag
Žádné tagy, Buďte první, kdo otaguje tento záznam!
Thư viện lưu trữ: Thư viện Trường Đại học Đà Lạt
LEADER 00646nam a2200289 4500
001 DLU140163055
005 ##20140814
040 # # |a DLU  |b vie 
041 # # |a vie 
044 # # |a vn 
082 # # |a TV  |b LU-C 
100 # # |a Lương Sĩ Cẩn. 
245 # # |a Giữ vững Thèn-Chu /  |c Lương Sĩ Cẩm   
260 # # |a H. :  |b Quân đội nhân dân,  |c 1962 
300 # # |a 75 tr. ;  |c 19 cm. 
700 # # |a ,  |e dịch. 
923 # # |a TL 
991 # # |a SH 
992 # # |a 0,38 
994 # # |a DLU 
900 # # |a True 
911 # # |a Nguyễn Thị Tưởng 
925 # # |a G 
926 # # |a A 
927 # # |a SH 
980 # # |a Thư viện Trường Đại học Đà Lạt